00173nam a2200073Ia 4500008004100000100002400041245001800065260001600083170617s9999 xx 000 0 und d aYourgken- Herber W. 0aNatural Drugs bPharma Book